Psicopedagogía del cuento infantil

Kaydedildi:
Detaylı Bibliyografya
Yazar: Guevara, Darío (Yazar)
Materyal Türü: Kitap
Dil:İspanyolca
Baskı/Yayın Bilgisi: Buenos Aires Bibliográfica Omega 1969
Seri Bilgileri:Colección Pedagogos de América
Konular:
Etiketler: Etiketle
Etiket eklenmemiş, İlk siz ekleyin!

MARC

LEADER 00000nam a2200000 a 4500
001 UCW4628
003 CL-VaPUC
008 900607e19690000AG |||||||||||||||||spa|d
082 0 4 |a 808.83109  |b GUE  |2 21 
100 0 |a Guevara, Darío  |e author  |9 309410 
245 1 0 |a Psicopedagogía del cuento infantil 
300 |a 137 p 
942 |c BK 
945 |d 19900607 00:00:00 
260 |a Buenos Aires  |b Bibliográfica Omega  |c 1969 
650 0 |a Cuentos infantiles  |9 308044 
650 0 |a Literatura infantil   |9 307465 
650 0 |a Aspectos psicológicos  |9 258128 
583 |a last modification  |c 19900607 00:00:00  |k Rodrigo Vera 
490 0 |a Colección Pedagogos de América 
999 |c 218302  |d 218300 
952 |0 0  |1 0  |4 0  |6 808_831090000000000_GUE_1969  |7 0  |8 A  |9 207614  |a BIBEDU  |b BIBEDU  |d 2019-11-15  |i 2754150  |o 808.83109 GUE 1969  |p 2754150  |r 2019-11-15  |w 2019-11-15  |y BK  |k EDU 
952 |0 0  |1 0  |4 0  |6 808_831090000000000_GUE_1969  |7 0  |8 A  |9 207615  |a BIBEDU  |b BIBEDU  |d 2019-11-15  |i 2754169  |o 808.83109 GUE 1969  |p 2754169  |r 2019-11-15  |w 2019-11-15  |y BK  |k EDU